Mechanismy pro zajištění kvality e-learningu

História e-learningu na Ostravskej univerzite. Podmienky pre skvalitňovanie vyučovacieho procesu. Ťažkosti s dištančnou a kombinovanou formou výuky.

Gespeichert in:
Bibliographische Detailangaben
1. Verfasser: Fojtík, Rostislav
Format: Buchkapitel
Sprache:Tschechisch
Schlagworte:
Tags: Tag hinzufügen
Keine Tags, Fügen Sie das erste Tag hinzu!

MARC

LEADER 00000naa$a2200000$$$4500
001 0090709
005 20221128083542.5
041 0 |a cze 
044 |a SK 
245 1 0 |a Mechanismy pro zajištění kvality e-learningu  |c Rostislav Fojtík 
520 |a História e-learningu na Ostravskej univerzite. Podmienky pre skvalitňovanie vyučovacieho procesu. Ťažkosti s dištančnou a kombinovanou formou výuky. 
610 2 0 |a vzdelávanie vysokoškolské 
610 2 0 |a vzdelávanie elektronické 
610 2 0 |a vzdelávanie dištančné 
610 2 0 |a počítače 
610 2 0 |a študenti 
610 2 0 |a učitelia 
610 2 0 |a kurzy 
610 2 0 |a informatika 
610 2 0 |a kvalita 
610 2 0 |a univerzity 
610 2 0 |a Česko 
100 1 |a Fojtík, Rostislav